000 00533nam a2200193 i 4500
001 186857
003 23086
090 _a186857
100 _a20130822d9999 u||y0 y50 zz
105 _a 000yy
106 _ay
200 _aДо світла!
_eоповідання
_fІван Франко
210 _d1976
_aКиїв
_cДніпро
215 _a384 с.
__384
_cілюстрації
246 0 _bоповідання
675 _a821.161.2
700 _aФранко
_bІ.
942 _2udc
_cBOOK
_j821.161.2
_z23086
999 _c23086
_d23086